La dissertation de littérature générale et comparée (notice n° 2198535)

détails MARC
000 -LEADER
fixed length control field 00948cam a2200133 4500500
005 - DATE AND TIME OF LATEST TRANSACTION
control field 20260405085546.0
041 ## - LANGUAGE CODE
Language code of text/sound track or separate title fre
042 ## - AUTHENTICATION CODE
Authentication code dc
100 10 - MAIN ENTRY--PERSONAL NAME
Personal name Brunel, Pierre
Relator term author
245 00 - TITLE STATEMENT
Title La dissertation de littérature générale et comparée
260 ## - PUBLICATION, DISTRIBUTION, ETC.
Name of publisher, distributor, etc. Armand Colin,<br/>
Date of publication, distribution, etc. 2014.<br/>
520 ## - SUMMARY, ETC.
Summary, etc. Pour initier l'étudiant, quel que soit son niveau, à une épreuve qui demande à la fois connaissances et technique, l'ouvrage se décompose en 3 parties : - une partie théorique indiquant les règles et la méthode de la dissertation générale et de la dissertation comparée - une série d'exercices de difficulté progressive du DEUG à l'Agrégation - des corrigés développés sur des thèmes donnés récemment aux concours.Prolégomènes. Pas à pas. Quelques gammes. Quinze dissertations.
856 41 - ELECTRONIC LOCATION AND ACCESS
Uniform Resource Identifier <a href="https://shs.cairn.info/la-dissertation-de-litterature-generale-et-compare--9782200014100?lang=fr&redirect-ssocas=7080">https://shs.cairn.info/la-dissertation-de-litterature-generale-et-compare--9782200014100?lang=fr&redirect-ssocas=7080</a>

Pas d'exemplaire disponible.

PLUDOC

PLUDOC est la plateforme unique et centralisée de gestion des bibliothèques physiques et numériques de Guinée administré par le CEDUST. Elle est la plus grande base de données de ressources documentaires pour les Étudiants, Enseignants chercheurs et Chercheurs de Guinée.

Adresse

627 919 101/664 919 101

25 boulevard du commerce
Kaloum, Conakry, Guinée

Réseaux sociaux

Powered by Netsen Group @ 2025